Normal view MARC view
  • Mythology, Celtic

Entry Topical Term

Number of records used in: 1

001 - CONTROL NUMBER

  • control field: 12201

003 - CONTROL NUMBER IDENTIFIER

  • control field: NUST

005 - DATE AND TIME OF LATEST TRANSACTION

  • control field: 20180801051107.0

008 - FIXED-LENGTH DATA ELEMENTS

  • fixed length control field: 180801|| aca||aabn | a|a d

040 ## - CATALOGING SOURCE

  • Original cataloging agency: NUST
  • Transcribing agency: NUST

150 ## - HEADING--TOPICAL TERM

  • Topical term or geographic name entry element: Mythology, Celtic
  • Form subdivision: Fiction.

670 ## - SOURCE DATA FOUND

  • Source citation: Work cat.: (NUST)234527: Roberts, Nora. 4521, Key of light /, 2003.
© 2023 Central Library, National University of Sciences and Technology. All Rights Reserved.